000 00596nam a22001697a 4500
003 OSt
005 20171010095442.0
008 120613t xxu||||| |||| 00| 0 eng d
040 _aMMSU
_cULS
100 _aCalangan, Leizl R.
_910271
245 _aKinetic studies on the adsorption of zinc using carbonized cornstalk as an adsorbent
_cLeizl R. Calangan
260 _c2006
300 _axii, 48 leaves
_c28 cm.
500 _aThesis (BS Chemical Engineering) -- Mariano Marcos State University-College of Engineering, Batac City
504 _aBibliography: leaves 37-39
942 _2ddc
_cTHEDIS
999 _c9558
_d9558